书目信息 |
| 题名: |
遗传学综合实验
|
|
| 作者: | 李雅轩 , 赵昕 主编 | |
| 分册: | ||
| 出版信息: | 北京 科学出版社 2006 |
|
| 页数: | 254页 | |
| 开本: | 24cm | |
| 丛书名: | ||
| 单 册: | ||
| 中图分类: | Q3-3 | |
| 科图分类: | ||
| 主题词: | 遗传学--实验--高等学校--教材 | |
| 电子资源: | ||
| ISBN: | 7-03-016957-3 | |
| 000 | 00852nam0 2200241 450 | |
| 001 | 1551298821 | |
| 005 | 20150118141519.34 | |
| 010 | @a7-03-016957-3@dCNY22.00 | |
| 100 | @a20060426d2006 em y0chiy50 ea | |
| 101 | 0 | @achi |
| 102 | @aCN@b110000 | |
| 105 | @aa z 000yy | |
| 200 | 1 | @a遗传学综合实验@9yi chuan xue zong he shi yan@f李雅轩,赵昕主编 |
| 210 | @a北京@c科学出版社@d2006 | |
| 215 | @a254页@c图@d24cm | |
| 300 | @a21世纪高等院校教材 生物科学系列 | |
| 330 | @a本书主要包括植物遗传学系列、动物及医学遗传学系列、果蝇遗传学系列、微生物遗传学系列、数量与群体遗传学系列以及分子遗传学系列实验六大部分,共40个实验。 | |
| 606 | 0 | @a遗传学@x实验@x高等学校@j教材 |
| 690 | @aQ3-3@v5 | |
| 701 | 0 | @a李雅轩@9li ya xuan@c(女,@f1965~)@4主编 |
| 701 | 0 | @a赵昕@9zhao xin@c(遗传学)@4主编 |
| 801 | 0 | @aCN@bTSSF@c20150118 |
| 905 | @aZUCC@dQ3-3@eJY23 | |
| 遗传学综合实验/李雅轩,赵昕主编.-北京:科学出版社,2006 |
| 254页:图;24cm |
| 21世纪高等院校教材 生物科学系列 |
| ISBN 7-03-016957-3:CNY22.00 |
| 本书主要包括植物遗传学系列、动物及医学遗传学系列、果蝇遗传学系列、微生物遗传学系列、数量与群体遗传学系列以及分子遗传学系列实验六大部分,共40个实验。 |
| ● |
| 相关链接 |
|
|
|
|
正题名:遗传学综合实验
索取号:Q3-3/JY23
 
预约/预借
| 序号 | 登录号 | 条形码 | 馆藏地/架位号 | 状态 | 备注 |
| 1 | 7849014 | 278490143 | 学院路分馆/ [索取号:Q3-3/JY23] | 在馆 | |
| 2 | 7849015 | 278490152 | 学院路分馆/ [索取号:Q3-3/JY23] | 在馆 |